| 000 | 00546nam a22002057a 4500 | ||
|---|---|---|---|
| 003 | OSt | ||
| 005 | 20140310182752.0 | ||
| 008 | 130202t xxu||||| |||| 00| 0 eng d | ||
| 020 | _a9748279715 | ||
| 050 |
_aZ 710 _b.An544 1999 |
||
| 082 |
_aM 020.76 _bAn2 1999 |
||
| 245 |
_aLearn basic library skills _cAndersen, Elaine |
||
| 260 |
_aCanberra _bBook Promotion & Service Co., Ltd. _cc1999 |
||
| 300 |
_a292 p. _bill. _c31 cm. |
||
| 521 | _aCollege students | ||
| 526 | _c1210L-1700L | ||
| 541 | _j1 | ||
| 562 | _e1 | ||
| 942 |
_2lcc _cBK _kM |
||
| 999 |
_c15769 _d15769 |
||